<?xml version="1.0" encoding="UTF-8"?>
<marc:record xmlns:marc="http://www.loc.gov/MARC21/slim">
   <marc:leader>00000nam a2200000 a 4500</marc:leader>
   <marc:datafield ind1="1" ind2=" " tag="100">
      <marc:subfield code="a">Jelinek, Elfriede</marc:subfield>
      <marc:subfield code="4">aut</marc:subfield>
      <marc:subfield code="e">Verfasser/-in</marc:subfield>
   </marc:datafield>
   <marc:datafield ind1=" " ind2=" " tag="653">
      <marc:subfield code="a">Literatur</marc:subfield>
   </marc:datafield>
   <marc:datafield ind1=" " ind2=" " tag="653">
      <marc:subfield code="a">Erotik</marc:subfield>
   </marc:datafield>
   <marc:datafield ind1=" " ind2=" " tag="653">
      <marc:subfield code="a">Aids</marc:subfield>
   </marc:datafield>
   <marc:datafield ind1=" " ind2=" " tag="653">
      <marc:subfield code="a">Österreichische Literatur</marc:subfield>
   </marc:datafield>
   <marc:datafield ind1="0" ind2="0" tag="245">
      <marc:subfield code="a">Lust</marc:subfield>
   </marc:datafield>
   <marc:datafield ind1="0" ind2="0" tag="245">
      <marc:subfield code="b">Roman</marc:subfield>
   </marc:datafield>
   <marc:datafield ind1=" " ind2="1" tag="264">
      <marc:subfield code="b">Buchgem.  Donauland</marc:subfield>
      <marc:subfield code="c">1989</marc:subfield>
   </marc:datafield>
   <marc:datafield ind1="1" ind2=" " tag="520">
      <marc:subfield code="a">Seit Aids ins letzte Alpental vorgedrungen ist und «die infiziert, die in der Liebe für den Wechsel sind», muß der Fabrikdirektor auf Partnertausch und Prostituierte verzichten und wieder auf seine Frau Gerti zurückgreifen. Gerti will den sexuellen Attacken entfliehen, der routinemäßigen, langweiligen, tödlichen Wiederholung des Immergleichen. Sie ist oft abgängig, landet, bisweilen betrunken, auf der Gendarmerie. Ihre Sexualität kann sie nicht ausleben als Mutter; Mutterschaft und Sexualität löschen einander aus. Gerti verliebt sich in das Götterbild Michael, einen Studenten, der sie auf einer ihrer Fluchten aufliest, nach allen Regeln seiner jungen Aufreißer-Kunst verführt und demütigt.</marc:subfield>
   </marc:datafield>
   <marc:datafield ind1=" " ind2=" " tag="020">
      <marc:subfield code="a">9783498033231</marc:subfield>
      <marc:subfield code="9">9783498033231</marc:subfield>
   </marc:datafield>
</marc:record>
